Multiple-Time UFC Champions - Statistics

General Stats
  • This quiz has been taken 184 times
    156 since last reset
  • The average score is 12 of 19
Answer Stats
Weight Class Answer % Correct
Light Heavyweight Jon Jones
98%
Heavyweight Stipe Miocic
82%
Women's Bantamweight Amanda Nunes
76%
Welterweight Georges St-Pierre
75%
Middleweight Israel Adesanya
75%
Featherweight José Aldo
75%
Flyweight Brandon Moreno
71%
Bantamweight T.J. Dillashaw
69%
Bantamweight Dominick Cruz
68%
Heavyweight/Light Heavyweight Randy Couture
68%
Women's Flyweight Valentina Shevchenko
64%
Flyweight Deiveson Figueiredo
61%
Women's Strawweight Zhang Weili
61%
Welterweight Matt Hughes
54%
Women's Strawweight Rose Namajunas
52%
Women's Bantamweight Julianna Peña
48%
Heavyweight Cain Velasquez
46%
Women's Strawweight Carla Esparza
31%
Heavyweight Tim Sylvia
31%
No matching quizzes found
Score Distribution
Percent of People with Each Score
Percentile by Number Answered
Your Score History
You have not taken this quiz since the last reset